Statistics for IFHY - Tyler, the Creator Lyrics Pt. 2

Click here to take the quiz!

General Stats

  • This quiz has been taken 96 times
  • The average score is 211 of 281

Answer Stats

Lyrics% Correct
I
100%
love
97%
Yo,
97%
you
97%
you,
97%
a
95%
F***,
92%
f***
92%
hate
90%
my
90%
n****
90%
but
88%
But
88%
I'm
88%
f******
86%
at
85%
bad
85%
bubbled
84%
emotions
84%
in
84%
keeping
84%
So
84%
so
84%
He
82%
he
82%
that
82%
we
82%
being
81%
good
81%
perfect
81%
You're
81%
you're
81%
when
79%
me
78%
much
78%
The
78%
the
78%
And
77%
and
77%
heart
77%
is
77%
no
77%
stop
77%
troubled
77%
beating
75%
has
75%
life,
75%
Life
75%
meaning
75%
We're
75%
without
75%
goddamn
74%
it
74%
stops
74%
to
74%
fall
73%
for
73%
bleeding
71%
girl,
71%
passive
71%
starts
71%
sorry,
70%
Sorry
70%
aggressive
68%
baby
68%
catch
68%
Come
68%
falling
68%
reason
68%
sky
68%
though
68%
try
68%
b****,
67%
leaving
67%
like
67%
just
66%
let's
66%
tonight
66%
what
66%
Yeah
66%
Because
64%
because
64%
can
64%
Even
64%
grieving
64%
hands
64%
hold
64%
It's
64%
mood
64%
seasons
64%
still
64%
actually
63%
actually.
63%
change
63%
dweeb
63%
here
63%
He's
63%
s***
63%
some
63%
these
63%
happened
62%
happened?
62%
home.
62%
isn't
62%
such
62%
back
60%
if
60%
I'll
60%
might
60%
See
60%
see
60%
badass
59%
breathing
59%
him
59%
kill
59%
d***?
58%
get
58%
strangle
56%
jealous
55%
of
55%
wanna
55%
why
55%
only
53%
together,
53%
away,
52%
die
52%
Look,
52%
look
52%
ran
51%
till
51%
rest
47%
air
45%
best
45%
breathe,
45%
looking
45%
Salem,
45%
Spend
45%
Samuel
44%
C'mon
42%
or
42%
around
40%

Score Distribution

Percentile by Number Answered

Percent of People with Each Score

Your Score History

You have not taken this quiz